Focus sur: Gregory Goyle - Harry Potter - Statistiques

Statistiques générales
  • Ce quiz a été pris 156 fois
  • Le résultat moyen est 6 sur 7
Statistiques - réponses
Informations recherchées Réponses % Correct
Ecole fréquentée Poudlard
100%
Maison fréquentée Serpentard
100%
Statut du sang Sang-Pur
98%
Première apparition Harry Potter à l'école des sorciers
97%
Poste occupé au Quidditch Batteur
94%
Lieu de rencontre avec Harry Potter Poudlard express
87%
Acteur l'interprétant dans les films Josh Herdman
17%
Aucun quiz correspondant
Distribution des résultats
% des personnes avec chaque résultat
Percentile par nombre de réponses
Votre historique - résultats
Vous n’avez pas pris ce quiz